000 01563nam0a2200349 i 4500
001 RU\NLR\BIBL_A\011098310
005 20241115072447.0
010 _a9785916588750
021 _aRU
_b2016-21715
_91371
021 _aRU
_b2016-100877
_96712
035 _a(NILC)RuMoRGB-008252026
035 _a(NLR Aleph) 011098310
090 _a11405564
_c11405564
100 _a20160407d2016 km y0rusy50 ca
101 0 _arus
102 _aRU
105 _aa|||j|||000yy
200 1 _aЭрудит
_eматематика с увлечением
_eдумаю, решаю, доказываю ...
_e1 класс
_eпрограмма внеурочной деятельности
_eпрограмма курса, методические рекомендации, технологические карты к занятиям
_eметодическое пособие
_f[авт.-сост. Н. С. Касель и др.]
210 _aМосква
_cПланета
_d2016
215 _a175 с.
_cил.
_d20
225 1 _aСерия "Учение с увлечением"
225 1 _aФГОС
320 _aБиблиогр.: с. 174
606 _aМатематика
_jМетодические пособия
_xПреподавание
_xНачальная школа
_92139134
_3RU\NLR\AUTH\661289536
675 _a373
686 1 _aЧ426.24,01я8
702 1 _aКасель
_bН. С.
_gНадежда Сергеевна
_4220
801 0 _aRU
_bРГБ
_c20160321
_gRCR
942 _cBOOK
980 _aNBR